| 000 | 00410nam a22001577a 4500 | ||
|---|---|---|---|
| 082 |
_aM3 _bRAJ/T |
||
| 100 |
_aRajasekharan Thottam _950836 |
||
| 245 |
_aBodhi/ _cby Rajasekharan Thottam |
||
| 250 | _a2nd. | ||
| 260 |
_aThiruvanathapuram: _bThottam Books, _c2013. |
||
| 300 | _a450p. | ||
| 650 |
_aNovel Malayalam _950837 |
||
| 650 |
_aLiterature Malayalam _950838 |
||
| 650 |
_aLiterature _950839 |
||
| 942 | _cBK | ||
| 999 |
_c72341 _d72341 |
||